Monuments figurants sur les dollars américains par images - Statistiques

Statistiques générales
  • Ce quiz a été pris 8 fois
  • Le résultat moyen est 3 sur 5
Statistiques - réponses
Par images Hint Réponse % Correct
$20 La Maison Blanche
100%
$5 Le mémorial de Lincoln
71%
$50 Le Capitole des États-Unis
43%
$100 Independence Hall
29%
$10 Treasury Building
14%
Aucun quiz correspondant
Distribution des résultats
% des personnes avec chaque résultat
Percentile par nombre de réponses
Votre historique - résultats
Vous n’avez pas pris ce quiz